书目信息 |
| 题名: |
新编高等数学学习指导
|
|
| 作者: | 张野芳 主编 ;李长青 副主编 | |
| 分册: | 下册 | |
| 出版信息: | 北京 中国水利水电出版社 2009.08 |
|
| 页数: | 141页 | |
| 开本: | 26cm | |
| 丛书名: | ||
| 单 册: | ||
| 中图分类: | O13 | |
| 科图分类: | ||
| 主题词: | 高等数学--高等学校--教学参考资料 | |
| 电子资源: | ||
| ISBN: | 978-7-5084-6776-4 | |
| 000 | 00891nam0 2200241 450 | |
| 001 | 004277663 | |
| 005 | 20100816170950.85 | |
| 010 | @a978-7-5084-6776-4@dCNY17.00 | |
| 100 | @a20100515d2009 em y0chiy50 ea | |
| 101 | 0 | @achi |
| 102 | @aCN@b110000 | |
| 105 | @ay z 000yy | |
| 200 | 1 | @a新编高等数学学习指导@f张野芳主编@Fzhang ye fang zhu bian@g李长青副主编@Gli chang qing fu zhu bian@h下册 |
| 210 | @a北京@c中国水利水电出版社@d2009.08 | |
| 215 | @a141页@d26cm | |
| 300 | @a高等院校精品规划教材 | |
| 330 | @a本书主要内容包括微分方程、空间解析几何与向量代数、多元函数微分法及其应用、重积分、曲线积分与曲面积分和无穷级数。每章包括基本内容、例题分析、常规练习题和提高训练题。 | |
| 606 | 0 | @a高等数学@x高等学校@j教学参考资料 |
| 690 | @aO13@v4 | |
| 701 | 0 | @a张野芳@Azhang ye fang@4主编 |
| 702 | 0 | @a李长青@Ali chang qing@4副主编 |
| 801 | 0 | @aCN@c20100515 |
| 905 | @dO13@eZ2201:2@f4 | |
| 新编高等数学学习指导/张野芳主编/李长青副主编.下册.-北京:中国水利水电出版社,2009.08 |
| 141页;26cm |
| 高等院校精品规划教材 |
| ISBN 978-7-5084-6776-4:CNY17.00 |
| 本书主要内容包括微分方程、空间解析几何与向量代数、多元函数微分法及其应用、重积分、曲线积分与曲面积分和无穷级数。每章包括基本内容、例题分析、常规练习题和提高训练题。 |
| ● |
| 相关链接 |
|
|
|
正题名:新编高等数学学习指导
索取号:O13/Z2201:2
 
预约/预借
| 序号 | 登录号 | 条形码 | 馆藏地/架位号 | 状态 | 备注 |
| 1 | 1031242 | 210312428 | 自科库401/401自科库 108排1列1层/ [索取号:O13/Z2201:2] | 在馆 | |
| 2 | 1031243 | 210312437 | 自科库401/401自科库 108排1列1层/ [索取号:O13/Z2201:2] | 在馆 | |
| 3 | 1031244 | 210312446 | 自科库401/401自科库 108排1列1层/ [索取号:O13/Z2201:2] | 在馆 | |
| 4 | 1031245 | 210312455 | 自科库401/401自科库 108排1列1层/ [索取号:O13/Z2201:2] | 在馆 |